00725nam a2200217 a 450000100060000000300080000600500170001400800410003103500190007204000260009104100080011708200270012524501500015225000130030226000430031530000630035850000200042165000220044170000180046370000260048137344BD-RjUL20211209052612.0141201s1999 ii a|||| |||| 00| 0 eng d a(BD-RjUL)37447 aBD-RjULbengcBD-RjUL aeng 222a615.1901bIDE 1999 aIdentification of drugs in pharmaceutical formulations by thin layer chromatography /ceditor, P.D. Sethi ; associate editor, Dilip Charegaonkar. a2nd. ed. aNew Delhi : bCBS Publishers, c1999.. axvi, 253 p., [4] p. of plates : bill. (some col.)c26 cm. aIncludes index. a DrugsxAnalysis. aSethi, P.D.  aCharegaonkar, Dilip.